|
|
|
|
| LEADER |
00000cam a2200000 7i4500 |
| 001 |
0000008156 |
| 002 |
000008896 |
| 005 |
20071008.0 |
| 020 |
|
|
|a 0721416934
|
| 090 |
0 |
0 |
|a JF
|b FAV
|
| 245 |
0 |
0 |
|a Jack and the beanstalk
|
| 260 |
|
|
|a USA :
|b Ladybird Books LTD ,
|c 1994
|
| 300 |
|
|
|a pv. :
|b ill ;
|c 17cm.
|
| 490 |
0 |
|
|a Ladybrid
|
| 650 |
0 |
0 |
|a Children's stories
|
| 700 |
0 |
|
|a Martin Salisbury
|
| 999 |
|
|
|a 052352
|b BUKU
|c PINJAMAN
|e PERPUSTAKAAN KOMUNITI PETALING JAYA
|
| 999 |
|
|
|a 052354
|b BUKU
|c PINJAMAN
|e PERPUSTAKAAN KOMUNITI PETALING JAYA
|
| 999 |
|
|
|a 055550
|b BUKU
|c PINJAMAN
|e PERPUSTAKAAN KOMUNITI PETALING JAYA
|